000 00374 a2200157 4500
003 Nust
005 20230331085952.0
040 _cNust
082 _a808.83,GOL
100 _aGolding , Louis
_9111615
245 _aMr Emmanuel /
_cLouis Golding
260 _aLondon,
_bRich and Cowan,
_c1939.
300 _a456p.
650 _aNovel
_92525
942 _2ddc
_cBK
_k808.83,GOL
999 _c186904
_d186904